Normal view
MARC view
Entry Personal Name
001 - CONTROL NUMBER
- control field: 15491
003 - CONTROL NUMBER IDENTIFIER
- control field: BD-RjUL
005 - DATE AND TIME OF LATEST TRANSACTION
- control field: 20250518114640.0
008 - FIXED-LENGTH DATA ELEMENTS
- fixed length control field: 250518|| aca||aabn | a|a d
040 ## - CATALOGING SOURCE
- Original cataloging agency: BD-RjUL
- Transcribing agency: BD-RjUL
100 ## - HEADING--PERSONAL NAME
- Personal name: Hunter, J.M.S
670 ## - SOURCE DATA FOUND
- Source citation: Work cat.: (BD-RjUL)84936: Barrow, Cecil M. 15490, De Quincey's Revolt of the Tartars and The English Mail-Coach. With introduction and notes by Cecil M. Barrow ... and Mark Hunter De Quincey's Revolt of the Tartars and The English Mail-Coach. With introduction and notes by Cecil M. Barrow ... and Mark Hunter /, 1936